banner koha

Paulo Alvim Mestre e Amigo / (Registro n. 7895)

MARC details
000 -LÍDER
campo de controle de tamanho fixo 00950nam a2200229 a 4500
001 - NÚMERO DE CONTROLE
campo de controle BS0002837
003 - IDENTIFICADOR DO NÚMERO DE CONTROLE
campo de controle BR-BrBNA
005 - DATA E HORÁRIO DA ÚLTIMA TRANSAÇÃO
campo de controle 20230418192137.0
008 - CAMPO DE DADOS FIXOS--INFORMAÇÃO GERAL
campo de controle de tamanho fixo 230308b |||||||| |||| 00| 0 por d
040 ## - FONTE DA CATALOGAÇÃO
Instituição da catalogação original BR-BrBNA
Idioma da catalogação por
Instituição que transcreveu o registro Biblioteca Nacional de Agricultura
041 ## - CÓDIGO DE IDIOMA
Código do idioma do texto/trilha sonora ou título diferente por
072 ## - CÓDIGO DE CATEGORIA DE ASSUNTO
Código de Categoria de Assunto B60
090 ## - NÚMERO DE CHAMADA LOCAL
Número de chamada B60 BS0002837
100 1# - ENTRADA PRINCIPAL--NOME PESSOAL
Nome pessoal Afonso, Frederico Monteiro Álvares-
245 1# - TÍTULO
Título Paulo Alvim Mestre e Amigo /
260 3# - PUBLICAÇÃO, DISTRIBUIÇÃO, ETC.
Local de publicação, distribuição, etc. Ilhéus, BA:
Data da publicação, distribuição, etc. 2011.
300 ## - DESCRIÇÃO FÍSICA
Extensão 192 p.
520 3# - NOTA DE RESUMO, ETC
Resumo, etc. A figura exuberante do Dr. Paulo de Tarso Alvim Carneiro deixou marca tão profunda em todos os aspectos fundamentais da CEPLAC que julgamos registrar sua biografia pessoal e profissional numa publicação para a posteridade fosse uma singela prova de gratidão e reconhecimento por tudo que Alvim fez pela ciência agronômica, pela cacauicultura brasileira e pela CEPLAC.
650 ## - ASSUNTO--TERMO TÓPICO
Cabeçalho tópico ou nome geográfico BIOGRAFIA
909 ## -
-- 202304
-- Sergio Santos
-- 56
-- Sergio Santos
942 ## - ELEMENTOS DE ENTRADA ADICIONADOS (KOHA)
Tipo de material Koha Livros
Exemplares
Situação do descarte Fonte da classificação ou esquema de arquivamento na estante Situação física Não pode ser emprestado Coleção Biblioteca de origem Biblioteca atual Total de empréstimos Número de telefone completo Código de barras Data de último acesso Número do exemplar Tipo de material Koha Situação das perdas Data de aquisição Fonte de aquisição Qualificador de local codificado
  Classificação AGRIS     Acervo Cultural Biblioteca Nacional de Agricultura - Binagri Biblioteca Nacional de Agricultura - Binagri   B60 BS0002837 B60 BS0002837 12/04/2023 01 Livros   2023-04-04 Doação B60

BINAGRI

Telefone: (61)3218-2567/2388/3357/2097 - binagri@agro.gov.br

Ministério da Agricultura e Pecuária , Esplanada dos Ministérios, Bloco D, Anexo B, Brasília/DF, CEP: 70.043-900